| 000 | 00673nam a2200241Ia 4500 | ||
|---|---|---|---|
| 008 | 160319s9999 xx 000 0 und d | ||
| 020 | _a971-08-5937-4 | ||
| 050 | _aFIL HN 711 | ||
| 050 | _b.S26 2006 | ||
| 100 | _aSanchez, Custodiosa A. | ||
| 245 | _aContemporary social problems and issues / | ||
| 245 | _cCustodiosa A. Sanchez, Fe B. Agpaoa. | ||
| 250 | _a3rd Edition | ||
| 260 | _aManila: | ||
| 260 | _bNational Book Store. Inc., | ||
| 260 | _c2006 | ||
| 300 | _a286 pages : | ||
| 300 | _billustrations ; | ||
| 300 | _c22 cm. | ||
| 500 | _aIncludes index. | ||
| 650 | _aSocial Problems -- Philippines. | ||
| 650 | _xPhillippines -- Social conditions. | ||
| 999 |
_c291568 _d291568 |
||